00454nam a2200133 a 450000100100000000500170001000800410002704000250006808200150009310000230010824501030013126000580023430000280029200004608820201002052630.0150618s1982 ve a 000 0 spa d aDO-SdBNPbspacBNPHU axxxxbxxxx1 aMaita Pino, Esther10aManual práctico de la alimentación natural /cEsther Maita Pino (Swami Kevalananda Aaraswati). aCaracas, Venezuela :bPolicrom,bAlfa y Omega,c1982. a181 p. :bil. ;c21 cm.